000 00797cam a2200253 a 4500
005 20031230185550.0
008 940308s1993 enkab b 001 0 eng
010 _aENG-101676
020 _c250.00
_a9788184000566
035 _aEN-85209
037 _bDBAD/PUB
040 _adpl
_bEng
082 _aS
100 1 _922405
_aDesai, Anita
245 1 0 _aCollected stories /
_cby Anita Desai
260 _aNoida
_bRandom House India
_c2008
270 _aMind Mill Corporate Tower, 2nd Floor, Plot No 24A Sector 16A,
_bNoida
_e201301
300 1 _a324p.
_c20cm (pbk)
650 0 _922448
651 _922481
700 _922431
942 _2ddc
_cEN
_mDES
_hS
999 _c48284
_d48284